Invariants for effective homotopy classification and extension of mappings

Αποθηκεύτηκε σε:
Λεπτομέρειες βιβλιογραφικής εγγραφής
Κύριος συγγραφέας: Olum, Paul
Μορφή: Βιβλίο
Γλώσσα:English
Δημοσίευση: Providence, R.I. : American Mathematical Society, 1961
Σειρά:Memoirs of the American Mathematical Society ; ; 37
Θέματα:
Ετικέτες: Προσθήκη ετικέτας
Δεν υπάρχουν, Καταχωρήστε ετικέτα πρώτοι!

MARC

LEADER 00000nam a2200000 i 4500
001 1/45492
008 941103s1961 eng d
020 |a 0-8218-1237-8 
035 |a 1993  |l 10042555 
040 |a GR-MY-UA  |b gre  |e aacr 
041 0 |a eng 
082 0 |a 514.2 
100 1 |a Olum, Paul. 
245 1 0 |a Invariants for effective homotopy classification and extension of mappings /  |c by Paul Olum 
260 |a Providence, R.I. :   |b American Mathematical Society,   |c 1961 
300 |a 69 p.;  |c 26 cm. 
490 1 |a Memoirs of the American Mathematical Society  |v ; 37 
500 |a Includes bibliographical references (p. 68-69) 
650 0 0 |a Algebraic topology. 
650 0 0 |a Invariants. 
830 0 |a Memoirs of the American Mathematical Society ;  |v ; 37 
852 |a INST  |b SAMOS  |e 19941103  |h 514.2 OLU  |p 005300002732  |q 005300002732  |t BK  |y 0 
909 |a Σ  |b 030513